阪大合格者数10人以上の高校(2024年) - Statistics

General Stats
  • This quiz has been taken 78 times
  • The average score is 41 of 89
Answer Stats
人数 所在地 学校名 % Correct
53 滋賀 膳所
92%
48 大阪 北野
90%
45 大阪 天王寺
84%
31 兵庫 神戸
84%
22 京都 洛南
84%
38 奈良 奈良
83%
10 大阪 大阪星光学院
76%
56 大阪 茨木
73%
20 北海道 札幌南
70%
41 兵庫 長田
67%
23 富山 富山中部
67%
47 大阪 豊中
65%
22 香川 高松
65%
20 奈良 西大和学園
65%
19 京都 堀川
65%
26 兵庫 姫路西
63%
10 富山 富山
63%
19 兵庫 甲陽学院
62%
16 京都 洛星
62%
15 大阪 清風南海
62%
10 熊本 熊本
62%
47 大阪 三国丘
60%
17 大阪 四天王寺
60%
33 兵庫 加古川東
59%
32 石川 金沢泉丘
59%
11 北海道 札幌北
57%
19 大阪 高槻
56%
14 三重 四日市
56%
11 福岡 修猷館
56%
33 大阪 大手前
54%
17 岡山 岡山朝日
54%
18 富山 高岡
52%
18 兵庫 兵庫
52%
12 大阪 清風
52%
10 岐阜 岐阜
52%
25 京都 嵯峨野
51%
20 福岡 福岡
51%
13 兵庫 白陵
51%
10 鳥取 鳥取西
51%
36 京都 西京
49%
22 愛媛 松山東
49%
14 愛知 岡崎
49%
13 愛知 旭丘
49%
14 鳥取 米子東
48%
14 奈良 畝傍
46%
14 香川 丸亀
46%
35 大阪 高津
44%
24 福井 藤島
44%
19 大阪 岸和田
44%
13 滋賀 彦根東
43%
11 静岡 浜松北
43%
30 大阪 大阪教育大学附属池田
41%
24 大阪 四條畷
41%
20 大阪 大阪桐蔭
41%
17 大阪 大阪教育大学附属天王寺
41%
15 和歌山 桐蔭
41%
11 兵庫 六甲学院
41%
33 兵庫 西宮市立西宮
40%
16 広島 広島大学附属福山
40%
14 愛知 刈谷
40%
14 大分 大分上野丘
40%
13 大阪 生野
40%
12 鹿児島 鶴丸
40%
34 兵庫 須磨学園
37%
12 滋賀 守山
37%
16 福岡 筑紫丘
35%
20 広島 基町
32%
15 奈良 帝塚山
32%
13 奈良 奈良学園
30%
14 熊本 済々黌
29%
11 石川 小松
29%
13 大阪 近畿大学附属
27%
12 広島 修道
27%
12 山口 徳山
25%
13 徳島 城東
24%
11 愛媛 今治西
24%
10 兵庫 宝塚北
22%
15 大阪 春日丘
21%
14 兵庫 西宮東
21%
20 大阪 関西大倉
19%
20 兵庫 尼崎稲園
17%
13 大阪 桃山学院
17%
15 兵庫 雲雀丘学園
13%
15 兵庫 神戸大学附属
11%
12 岡山 倉敷青陵
11%
12 大阪 富田林
10%
10 和歌山 近畿大学附属和歌山
10%
11 兵庫 三田学園
8%
10 広島 福山誠之館
5%
No matching quizzes found
Score Distribution
Percent of People with Each Score
Percentile by Number Answered
Your Score History
You have not taken this quiz